00782 a2200193 4500999001500000010001400015020002300029035001300052037001500065082001100080100001400091245016500105260003300270270006400303300002800367500005100395942003000446952011200476 c8267d8267 aENG-88392 a8178241463c650.00 aEN-71925 bDBAD / PUB14a507.221 aKapil Raj1 aRelocating modern science:cby Kapil Rajbcirculation and the construction of scientific knowledge in South Asia and Europe seventeenth to nineteenth centuries/ aDelhibPermanent Blackc2006 aD-28, Oxford Apartments, 11, I.P.Extension,bDelhie110 092 axiii, 285 p.c23cm (Hb) aIncludes bibliographical references and index adplcEN2ddch507.22mKAP 001040718NFICaDBADbDBADeDBAD/PUBg650.00l0o507.22 KAPpEN-71925r2008-09-15 00:00:00t1v650.00yEN